MCSE networking essentials for dummies. (Record no. 2341)
[ view plain ]
| 000 -LEADER | |
|---|---|
| fixed length control field | 00618nam a22002052 4500 |
| 001 - CONTROL NUMBER | |
| control field | 0000003968 |
| 005 - DATE AND TIME OF LATEST TRANSACTION | |
| control field | 20151217145747.0 |
| 008 - FIXED-LENGTH DATA ELEMENTS--GENERAL INFORMATION | |
| fixed length control field | 070517s xx 000 0 eng d |
| 020 ## - INTERNATIONAL STANDARD BOOK NUMBER | |
| International Standard Book Number | 0764503995 : |
| Terms of availability | KES 500 (Don.) |
| 040 ## - CATALOGING SOURCE | |
| Original cataloging agency | KABU |
| Transcribing agency | KABU |
| 050 #0 - LIBRARY OF CONGRESS CALL NUMBER | |
| Classification number | QA76.3 |
| Item number | .A83 |
| 100 1# - MAIN ENTRY--PERSONAL NAME | |
| Personal name | Aschermann, Robert. |
| -- | 0000154255 |
| 245 10 - TITLE STATEMENT | |
| Title | MCSE networking essentials for dummies. |
| 260 ## - PUBLICATION, DISTRIBUTION, ETC. (IMPRINT) | |
| Place of publication, distribution, etc. | Foster City, CA : |
| Name of publisher, distributor, etc. | IDG Books, |
| Date of publication, distribution, etc. | 1998. |
| 300 ## - PHYSICAL DESCRIPTION | |
| Extent | xxvi, 353 p. |
| 650 #0 - SUBJECT ADDED ENTRY--TOPICAL TERM | |
| Topical term or geographic name as entry element | Microsoft software |
| General subdivision | Examinations |
| -- | Study guide. |
| -- | 0000154256 |
| 908 ## - PUT COMMAND PARAMETER (RLIN) | |
| Put command parameter | 070517 |
| 950 ## - LOCAL HOLDINGS (RLIN) | |
| -- | 1 |
| Withdrawn status | Lost status | Source of classification or shelving scheme | Not for loan | Home library | Current library | Date acquired | Total Checkouts | Full call number | Barcode | Date last seen | Date last checked out | Price effective from | Koha item type |
|---|---|---|---|---|---|---|---|---|---|---|---|---|---|
| Library of Congress Classification | Kabarak, Main Campus | Kabarak, Main Campus | 17/12/2015 | 2 | QA76.3 .A83 | 006165 | 19/08/2024 | 08/08/2024 | 17/12/2015 | General Collection |